000 00381nam a2200169Ia 4500
008 141014s9999||||xx |||||||||||||| ||und||
010 _a20918
020 _ab757.p
082 _ag-241
100 _aRaymund Boudon
245 _aPara que Sirve la Noción
250 _aS/E
260 _aEdiciones Aguilar
_c1968
300 _a201
_c25 cm
650 _aCastellano
942 _cBK
999 _c21068
_d21068